Подробности
| 000 -МАРКЕР |
| контрольное поле |
02378nam2a2200253 4500 |
| 001 - ИДЕНТИФИКАТОР ЗАПИСИ |
| контрольное поле |
RU\NLR\BIBL_A\016349130 |
| 005 - ИДЕНТИФИКАТОР ВЕРСИИ |
| контрольное поле |
20250625051642.0 |
| 010 ## - МЕЖДУНАРОДНЫЙ СТАНДАРТНЫЙ НОМЕР КНИГИ (ISBN) |
| Номер (ISBN) |
978-5-299-01140-1 |
| Уточнения |
ч. 2 |
| Тираж |
1000 |
| 035 ## - ДРУГИЕ СИСТЕМНЫЕ НОМЕРА |
| Идентификатор записи |
(NLR Aleph) 016349130 |
| 100 ## - ДАННЫЕ ОБЩЕЙ ОБРАБОТКИ |
| Данные общей обработки |
20230419d2022 |||y0rusy50 ca |
| 101 0# - ЯЗЫК РЕСУРСА |
| Язык текста, звукозаписи и т.д. |
русский |
| 102 ## - СТРАНА ПУБЛИКАЦИИ ИЛИ ПРОИЗВОДСТВА |
| Страна публикации |
российская федерация |
| 105 ## - ПОЛЕ КОДИРОВАННЫХ ДАННЫХ: ТЕКСТОВЫЕ МАТЕРИАЛЫ, МОНОГРАФИЧЕСКИЕ |
| Кодированные данные о монографическом текстовом документе |
a j 000zy |
| 200 1# - ЗАГЛАВИЕ И СВЕДЕНИЯ ОБ ОТВЕТСТВЕННОСТИ |
| Основное заглавие |
Неэпителиальные опухоли |
| Первые сведения об ответственности |
Добронец Виктор Вадимович - врач-эндоскопист, Кузин Михаил Николаевич, Шкалова Любовь Владимировна - канд. мед. наук, Радовский Вячеслав Валерьевич - врач-патологоанатом |
| 210 ## - ПУБЛИКАЦИЯ, РАСПРОСТРАНЕНИЕ И ДР. |
| Дата издания, распространения и т.д. |
2022 |
| Место издания, распространения и т.д. |
Б. м. |
| 215 ## - ФИЗИЧЕСКАЯ ХАРАКТЕРИСТИКА |
| Специфическое обозначение материала и объем |
86 с. |
| Другие сведения о физической характеристике |
цв. ил., табл. |
| 320 ## - ПРИМЕЧАНИЯ О НАЛИЧИИ В ДОКУМЕНТЕ БИБЛИОГРАФИИ / УКАЗАТЕЛЯ |
| Текст примечания |
Библиогр.: с. 84-86 |
| 461 #0 - УРОВЕНЬ НАБОРА |
| Встроенное поле |
001RU\NLR\BIBL_A\022019731 |
| -- |
2001#$aДоброкачественные опухоли желудка$eучебно-методическое пособие$eдля врачей-эндоскопистов, курсантов, обучающихся по специальности "Эндоскопия"$fКузин Михаил Николаевич, Добронец Виктор Вадимович - врач-эндоскопист, Шкалова Любовь Владимировна - канд. мед. наук, Радовский Вячеслав Валерьевич - врач-патологоанатом$vЧ. 2 |
| Системный номер (АБИС) связанной записи |
12508472 |
| Место публикации |
Санкт-Петербург |
| Дата публикации |
2020 |
| Первые сведения об ответственности |
Кузин Михаил Николаевич, Добронец Виктор Вадимович - врач-эндоскопист, Шкалова Любовь Владимировна - канд. мед. наук, Радовский Вячеслав Валерьевич - врач-патологоанатом |
| Имя издателя, распространителя и т.д. |
СпецЛит |
| Сведения, относящиеся к заглавию |
учебно-методическое пособие : для врачей-эндоскопистов, курсантов, обучающихся по специальности "Эндоскопия" |
| Заглавие |
Доброкачественные опухоли желудка |
| ISBN |
9785299010602 |
| Номер тома |
Ч. 2 |
| 606 1# - НАИМЕНОВАНИЕ ТЕМЫ КАК ПРЕДМЕТ |
| Наименование темы |
Желудок |
| Формальный подзаголовок |
Учебно-методические пособия |
| Тематический подзаголовок |
Опухоли |
| Системный номер авторитетной/нормативной записи |
909621 |
| Идентификатор авторитетной/нормативной записи |
RU\NLR\AUTH\6612257 |
| 942 ## - ДОПОЛНИТЕЛЬНЫЕ ЭЛЕМЕНТЫ ЗАПИСИ (АБИС) |
| Тип экземпляра АБИС |
Книга |
| 980 ## - КОЛЛЕКЦИЯ |
| Название коллекции |
Национальная библиография |